French Verbs 2 - Statistics

General Stats
  • This quiz has been taken 1,832 times
  • The average score is 14 of 20
Answer Stats
Hint Answer % Correct
to read lire
93%
to arrive arriver
91%
to say dire
91%
to prefer preferer
89%
to want vouloir
83%
to begin commencer
82%
to open ouvrir
80%
to fall tomber
73%
to stay rester
71%
to send envoyer
70%
to be able to pouvoir
70%
to believe croire
69%
to receive recevoir
69%
to put mettre
67%
to serve servir
67%
to drive conduire
66%
to come back revenir
58%
to follow suivre
55%
to rain pleuvoir
53%
to be necessary falloir
32%
No matching quizzes found
Score Distribution
Percent of People with Each Score
Percentile by Number Answered
Your Score History
You have not taken this quiz